000
00479nam a2200181Ia 4500
008
090124s9999 xx 000 0 und d
082
_b
26941
_a
2962
100
_a
गस्ती भीमराव
245
_a
आक्रोश
250
_a
1
260
_c
1993
300
_a
391
600
_a
गस्ती भीमराव
630
_a
आक्रोश
700
_a
गस्ती भीमराव
730
_a
आक्रोश
942
_c
BOOK
999
_c
140411
_d
140411